[Event "Leipzig VfB op 24th"]
[Site "Leipzig"]
[Date "2017.03.25"]
[Round "9"]
[White "Schlegel, Harald"]
[Black "Herfurth, Thomas"]
[Result "1/2-1/2"]
[WhiteElo "1735"]
[BlackElo "1850"]
[PlyCount "26"]
[EventDate "2017.03.21"]
[EventType "swiss"]
[EventRounds "9"]
[EventCountry "GER"]
[SourceTitle "EXT 2018"]
[Source "ChessBase"]
[SourceDate "2017.10.13"]
[SourceVersion "1"]
[SourceVersionDate "2017.10.13"]
[SourceQuality "1"]

1. e4 e6 2. d4 d5 3. Nd2 Nf6 4. e5 Nfd7 5. Bd3 c5 6. c3 Nc6 7. Ne2 Qb6 8. Nf3 Be7 9. 0-0 0-0 10. Nf4 Re8 11. Re1 cxd4 12. cxd4 Nf8 13. b3 Nb4 1/2-1/2

[Event "Leipzig VfB op 24th"]
[Site "Leipzig"]
[Date "2017.03.25"]
[Round "7"]
[White "Schlegel, Harald"]
[Black "Schwass, Torsten"]
[Result "1-0"]
[WhiteElo "1735"]
[BlackElo "1458"]
[PlyCount "53"]
[EventDate "2017.03.21"]
[EventType "swiss"]
[EventRounds "9"]
[EventCountry "GER"]
[SourceTitle "EXT 2018"]
[Source "ChessBase"]
[SourceDate "2017.10.13"]
[SourceVersion "1"]
[SourceVersionDate "2017.10.13"]
[SourceQuality "1"]

1. e4 e6 2. d4 d5 3. Nd2 Nf6 4. e5 Nfd7 5. Bd3 c5 6. c3 Nc6 7. Ne2 Qb6 8. Nf3 f6 9. exf6 Nxf6 10. 0-0 Bd6 11. Re1 0-0 12. Ng3 Kh8 13. Ng5 e5 14. Bxh7 e4 15. Bf5 cxd4 16. Bxc8 Raxc8 17. Nh5 g6 18. Nxf6 Rxf6 19. Qg4 Rc7 20. Qh4+ Kg8 21. Nxe4 dxe4 22. Qxf6 Ne7 23. Qxd4 Bc5 24. Qd2 Nc6 25. Rxe4 Rc8 26. Qd5+ Kf8 27. Bh6# 1-0

[Event "Leipzig VfB op 24th"]
[Site "Leipzig"]
[Date "2017.03.23"]
[Round "5"]
[White "Schlegel, Harald"]
[Black "Ott, Herbert"]
[Result "0-1"]
[WhiteElo "1735"]
[BlackElo "1607"]
[PlyCount "61"]
[EventDate "2017.03.21"]
[EventType "swiss"]
[EventRounds "9"]
[EventCountry "GER"]
[SourceTitle "EXT 2018"]
[Source "ChessBase"]
[SourceDate "2017.10.13"]
[SourceVersion "1"]
[SourceVersionDate "2017.10.13"]
[SourceQuality "1"]

1. e4 c5 2. Nf3 d6 3. d4 cxd4 4. Nxd4 Nf6 5. Nc3 a6 6. Be2 e6 7. 0-0 Be7 8. a4 0-0 9. Be3 Bd7 10. f3 Nc6 11. Nb3 Qc7 12. g4 h6 13. g5 hxg5 14. Bxg5 Nh7 15. Bxe7 Nxe7 16. Qd4 e5 17. Qe3 f5 18. Kh1 f4 19. Qg1 Rf6 20. Rf2 Bh3 21. Qe1 Rg6 22. Bf1 Be6 23. Nd2 Rf8 24. Rg2 Rff6 25. Qf2 Rh6 26. h4 Qc5 27. Qe1 Rh5 28. Rh2 Ng6 29. Nd5 Bxd5 30. exd5 Qxd5 31. Bc4 0-1

[Event "Leipzig VfB op 24th"]
[Site "Leipzig"]
[Date "2017.03.22"]
[Round "2"]
[White "Weitzer, Steffen"]
[Black "Schlegel, Harald"]
[Result "1-0"]
[WhiteElo "2246"]
[BlackElo "1735"]
[PlyCount "25"]
[EventDate "2017.03.21"]
[EventType "swiss"]
[EventRounds "9"]
[EventCountry "GER"]
[SourceTitle "EXT 2018"]
[Source "ChessBase"]
[SourceDate "2017.10.13"]
[SourceVersion "1"]
[SourceVersionDate "2017.10.13"]
[SourceQuality "1"]

1. e4 c6 2. Nc3 d5 3. Qf3 d4 4. Bc4 e6 5. Nce2 Qf6 6. Qg3 e5 7. Nf3 Bd6 8. 0-0 Be6 9. Bxe6 fxe6 10. Nexd4 Qg6 11. Qxg6+ hxg6 12. Nxe6 Kf7 13. Nd8+ 1-0

[Event "Leipzig VfB op 24th"]
[Site "Leipzig"]
[Date "2017.03.21"]
[Round "1"]
[White "Schlegel, Harald"]
[Black "Hiemer, Bernd"]
[Result "0-1"]
[WhiteElo "1735"]
[BlackElo "2036"]
[PlyCount "50"]
[EventDate "2017.03.21"]
[EventType "swiss"]
[EventRounds "9"]
[EventCountry "GER"]
[SourceTitle "EXT 2018"]
[Source "ChessBase"]
[SourceDate "2017.10.13"]
[SourceVersion "1"]
[SourceVersionDate "2017.10.13"]
[SourceQuality "1"]

1. e4 d6 2. d4 Nf6 3. Nc3 g6 4. Nf3 Bg7 5. Be2 0-0 6. 0-0 Nbd7 7. h3 c6 8. Be3 Qc7 9. Qd2 e5 10. Bh6 Re8 11. Bxg7 Kxg7 12. dxe5 dxe5 13. b4 Nf8 14. Rfd1 Ne6 15. Qd6 Qxd6 16. Rxd6 c5 17. a3 Nd4 18. bxc5 Nxe2+ 19. Nxe2 Nxe4 20. Rd5 f6 21. Rb1 Re7 22. Rd8 Nxc5 23. Nc3 Ne6 24. Nd5 Nxd8 25. Nxe7 Be6 0-1

[Event "Leipzig VfB op 21st"]
[Site "Leipzig"]
[Date "2014.03.08"]
[Round "9"]
[White "Schlegel, Harald"]
[Black "Mertens, Lothar"]
[Result "1/2-1/2"]
[WhiteElo "1806"]
[BlackElo "1636"]
[PlyCount "90"]
[EventDate "2014.03.04"]
[EventType "tourn"]
[EventRounds "9"]
[EventCountry "GER"]
[SourceTitle "CBM 159 Extra"]
[Source "ChessBase"]
[SourceDate "2014.04.24"]
[SourceVersion "1"]
[SourceVersionDate "2014.04.24"]
[SourceQuality "1"]

1. e4 c5 2. Nf3 Nc6 3. d4 cxd4 4. Nxd4 Nf6 5. Nc3 g6 6. Be3 Bg7 7. Be2 0-0 8. 0-0 d5 9. exd5 Nxd5 10. Nxd5 Nxd4 11. Bxd4 Qxd5 12. Bxg7 Qxd1 13. Raxd1 Kxg7 14. c4 Be6 15. Rd2 Rfd8 16. Rfd1 Rxd2 17. Rxd2 Rc8 18. b3 a5 19. a4 b6 20. Kf1 Kf8 21. Ke1 Ke8 22. Kd1 h5 23. h4 Rd8 24. Bd3 Rd4 25. g3 Kd7 26. Kc2 Kd6 27. Kc3 Kc5 28. Re2 Rd6 29. Re5+ Kc6 30. Be4+ Kc7 31. c5 bxc5 32. Rxc5+ Kb6 33. Rb5+ Ka6 34. Bd3 Rc6+ 35. Kd2 Rd6 36. Ke2 Bg4+ 37. Ke3 Be6 38. f4 Rc6 39. Rxh5+ Kb6 40. Rb5+ Kc7 41. b4 axb4 42. Rxb4 Rc3 43. Kd4 Ra3 44. Bc4 Bxc4 45. Rxc4+ Kd6 1/2-1/2

[Event "Leipzig VfB op 21st"]
[Site "Leipzig"]
[Date "2014.03.05"]
[Round "3"]
[White "Caprita, Victor"]
[Black "Schlegel, Harald"]
[Result "1/2-1/2"]
[WhiteElo "1617"]
[BlackElo "1806"]
[PlyCount "162"]
[EventDate "2014.03.04"]
[EventType "tourn"]
[EventRounds "9"]
[EventCountry "GER"]
[SourceTitle "CBM 159 Extra"]
[Source "ChessBase"]
[SourceDate "2014.04.24"]
[SourceVersion "1"]
[SourceVersionDate "2014.04.24"]
[SourceQuality "1"]

1. d4 d5 2. c4 c6 3. Nc3 dxc4 4. a4 Nf6 5. e4 Bg4 6. f3 Bh5 7. Bxc4 e6 8. Nge2 Bb4 9. 0-0 Nbd7 10. Bg5 Qa5 11. h4 h6 12. Be3 g5 13. g4 Bxg4 14. fxg4 Nxg4 15. Bd2 Qc7 16. e5 Ndxe5 17. dxe5 Qxe5 18. Nf4 Ne3 19. Bxe3 Qxe3+ 20. Kh1 Bxc3 21. Rf3 Qd4 22. Rxc3 Qxf4 23. Qe1 0-0-0 24. Qg3 Qxg3 25. Rxg3 Rd4 26. Bb3 Rxh4+ 27. Kg2 Rf4 28. Rd1 Rd8 29. Rxd8+ Kxd8 30. Rh3 Rf6 31. Kg3 Ke7 32. Bc4 e5 33. Bd3 Kf8 34. Rh2 Kg7 35. Re2 Rd6 36. Bc2 f6 37. Kg4 Rd4+ 38. Kf3 Rf4+ 39. Kg3 h5 40. Rd2 h4+ 41. Kg2 Rd4 42. Rxd4 exd4 43. Bf5 Kf7 44. Kf3 c5 45. Ke4 Ke7 46. Kd5 b6 47. b4 g4 48. Bxg4 d3 49. bxc5 bxc5 50. Kc4 d2 51. Kc3 f5 52. Bf3 h3 53. Kxd2 h2 54. a5 Ke6 55. Kd3 Ke5 56. Bh1 Kf4 57. Kc4 Kg3 58. Kxc5 f4 59. Kd4 f3 60. Ke3 f2 61. Ke2 f1Q+ 62. Kxf1 Kf4 63. Kg2 Ke5 64. Kxh2 Kd6 65. a6 Kc7 66. Bg2 Kb6 67. Bf1 Kc7 68. Kg3 Kd8 69. Kf4 Kc7 70. Ke5 Kc6 71. Ke6 Kc7 72. Kd5 Kd7 73. Bh3+ Kc7 74. Kc5 Kb8 75. Kc6 Ka8 76. Kd7 Kb8 77. Kd8 Ka8 78. Kd7 Kb8 79. Kc6 Ka8 80. Bg2 Kb8 81. Bf3 Kc8 1/2-1/2

[Event "Leipzig VfB op 20th"]
[Site "Leipzig"]
[Date "2013.03.06"]
[Round "2"]
[White "Kuenne, Lutz Dieter"]
[Black "Schlegel, Harald"]
[Result "0-1"]
[WhiteElo "1561"]
[BlackElo "1824"]
[PlyCount "72"]
[EventDate "2013.03.05"]
[EventType "swiss"]
[EventRounds "9"]
[EventCountry "GER"]
[SourceTitle "EXT 2014"]
[Source "ChessBase"]
[SourceDate "2013.11.20"]
[SourceVersion "1"]
[SourceVersionDate "2013.11.20"]
[SourceQuality "1"]

1. e4 c6 2. d4 d5 3. Nd2 dxe4 4. Nxe4 Bf5 5. Ng3 Bg6 6. Nf3 Nd7 7. Bd3 Bxd3 8. Qxd3 e6 9. 0-0 Ngf6 10. Bf4 Be7 11. Ne4 Nxe4 12. Qxe4 Nf6 13. Qd3 Qb6 14. c3 0-0 15. Qc2 c5 16. Rad1 Rac8 17. Rfe1 Rfd8 18. Bg5 h6 19. Bh4 cxd4 20. Bxf6 Bxf6 21. c4 Qc5 22. b3 b5 23. Nd2 bxc4 24. Nxc4 Qd5 25. Qe2 d3 26. Qd2 Qd4 27. g3 Bg5 28. Ne3 Qc3 29. f4 Bf6 30. Nc4 Qxd2 31. Nxd2 Rc2 32. Ne4 Bd4+ 33. Kh1 Bb6 34. Ra1 Re2 35. Rxe2 dxe2 36. Re1 Rd1 0-1

[Event "Leipzig VfB op 20th"]
[Site "Leipzig"]
[Date "2013.03.06"]
[Round "3"]
[White "Schlegel, Harald"]
[Black "Hiemer, Bernd"]
[Result "0-1"]
[WhiteElo "1824"]
[BlackElo "2017"]
[PlyCount "64"]
[EventDate "2013.03.05"]
[EventType "swiss"]
[EventRounds "9"]
[EventCountry "GER"]
[SourceTitle "EXT 2014"]
[Source "ChessBase"]
[SourceDate "2013.11.20"]
[SourceVersion "1"]
[SourceVersionDate "2013.11.20"]
[SourceQuality "1"]

1. e4 d6 2. d4 Nf6 3. Nc3 g6 4. f4 Bg7 5. Nf3 0-0 6. Be2 c5 7. dxc5 Qa5 8. 0-0 Qxc5+ 9. Kh1 Nc6 10. Bd3 Bg4 11. Qe1 Rac8 12. Qe3 Qh5 13. Ne2 Bxf3 14. Rxf3 Ng4 15. Qg1 Nb4 16. c3 Nxd3 17. Rxd3 Qb5 18. Rd2 e5 19. h3 Nf6 20. Qe3 exf4 21. Nxf4 Rfe8 22. Rxd6 Nxe4 23. Rd1 Nxc3 24. Qd3 Qxd3 25. Rxd3 Re1+ 26. Kh2 Ne2 27. Nxe2 Rxe2 28. Bd2 Be5+ 29. Kh1 Rc2 30. Rd1 Rxb2 31. Bh6 f5 32. Rd8+ Kf7 0-1

[Event "Leipzig VfB op 19th"]
[Site "Leipzig"]
[Date "2012.03.07"]
[Round "2"]
[White "Schlegel, Harald"]
[Black "Weigel, Helmut"]
[Result "1-0"]
[WhiteElo "1826"]
[BlackElo "1530"]
[PlyCount "129"]
[EventDate "2012.03.06"]
[EventType "swiss"]
[EventRounds "9"]
[EventCountry "GER"]
[SourceTitle "CBM 147 Extra"]
[Source "ChessBase"]
[SourceDate "2012.04.24"]
[SourceVersion "1"]
[SourceVersionDate "2012.04.24"]
[SourceQuality "1"]

1. e4 e6 2. d4 d5 3. Nd2 c5 4. Ngf3 Nc6 5. exd5 exd5 6. Be2 Be7 7. 0-0 Nf6 8. dxc5 0-0 9. Nb3 Be6 10. c3 Rc8 11. Re1 Qc7 12. Bd3 Bg4 13. h3 Bxf3 14. Qxf3 Rfe8 15. Bf4 Qd8 16. Rad1 Bf8 17. Bf5 Rxe1+ 18. Rxe1 Ra8 19. Bg5 Kh8 20. Bc2 h6 21. Bh4 g5 22. Bg3 Kg7 23. Qd3 Qd7 24. Qf5 Re8 25. f3 Rxe1+ 26. Bxe1 Qxf5 27. Bxf5 Ne7 28. Bc2 Nc6 29. Bf2 Be7 30. Kf1 Bd8 31. Nd4 Nxd4 32. Bxd4 Kf8 33. Bb3 Ke7 34. Bxf6+ Kxf6 35. Bxd5 b6 36. c6 Ke7 37. g4 f6 38. Ke2 Kd6 39. Be4 a5 40. a4 Kc5 41. b3 b5 42. axb5 Kxb5 43. Kd3 Bc7 44. Kd4 Be5+ 45. Kd5 Kb6 46. c4 Kc7 47. Ke6 Kd8 48. Kf7 Kc7 49. Ke6 Kd8 50. Kd5 Kc7 51. Kc5 Bc3 52. Kd5 Be5 53. Ke6 Kd8 54. Kf7 Kc7 55. Kg6 Kd6 56. Kxh6 Kc5 57. Kg6 Kb4 58. c7 Bxc7 59. Kxf6 Bd8+ 60. Kf5 Kxb3 61. c5 Kb4 62. c6 a4 63. c7 Bxc7 64. Kxg5 a3 65. Bd5 1-0

[Event "Leipzig VfB op 18th"]
[Site "Leipzig"]
[Date "2011.03.26"]
[Round "8"]
[White "Schlegel, Harald"]
[Black "Reimann, Hubert"]
[Result "0-1"]
[WhiteElo "1833"]
[BlackElo "1954"]
[PlyCount "58"]
[EventDate "2011.03.20"]
[EventType "swiss"]
[EventRounds "9"]
[EventCountry "GER"]
[SourceTitle "CBM 141 Extra"]
[Source "ChessBase"]
[SourceDate "2011.05.03"]
[SourceVersion "1"]
[SourceVersionDate "2011.05.03"]
[SourceQuality "1"]

1. e4 c5 2. Nf3 d6 3. d4 cxd4 4. Nxd4 Nf6 5. Nc3 a6 6. Be2 e5 7. Nb3 Be7 8. 0-0 0-0 9. Be3 Qc7 10. f4 b5 11. Bf3 b4 12. Nd5 Nxd5 13. exd5 exf4 14. Bxf4 Bf6 15. c3 bxc3 16. bxc3 Bxc3 17. Rc1 Qb6+ 18. Kh1 Bf6 19. Qe1 a5 20. Qg3 a4 21. Bxd6 axb3 22. Bxf8 Nd7 23. Rc6 Qd4 24. Rd1 bxa2 25. Rxd4 Bxd4 26. Ba3 a1Q+ 27. Bc1 Ne5 28. Rc2 Bf5 29. Rc7 Bb6 0-1

[Event "Leipzig VfB op 16th"]
[Site "Leipzig"]
[Date "2009.04.04"]
[Round "7"]
[White "Schlegel, Harald"]
[Black "Bodzyn, Karsten"]
[Result "1/2-1/2"]
[WhiteElo "1823"]
[BlackElo "1995"]
[PlyCount "82"]
[EventDate "2009.03.31"]
[EventType "swiss"]
[EventRounds "9"]
[EventCountry "GER"]
[SourceTitle "EXT 2010"]
[Source "ChessBase"]
[SourceDate "2010.11.25"]
[SourceVersion "1"]
[SourceVersionDate "2010.11.25"]
[SourceQuality "1"]

1. e4 c5 2. Nf3 e6 3. d4 cxd4 4. Nxd4 Nf6 5. Bd3 a6 6. 0-0 Qc7 7. Nc3 b5 8. a3 Bb7 9. Qe2 d6 10. Be3 Be7 11. f3 0-0 12. Qf2 Nbd7 13. g4 Ne5 14. g5 Nxd3 15. cxd3 Nd7 16. Rac1 Qa5 17. Nb3 Qd8 18. Qd2 Nc5 19. Na1 f6 20. b4 Nd7 21. h4 Ne5 22. Nb3 fxg5 23. Nd4 Qd7 24. hxg5 Nf7 25. f4 e5 26. Nf5 exf4 27. Nxe7+ Qxe7 28. Bxf4 Ne5 29. Nd5 Bxd5 30. exd5 Rac8 31. Rce1 Qa7+ 32. Qe3 Qxe3+ 33. Rxe3 Rfe8 34. Rfe1 Kf7 35. Bxe5 dxe5 36. Rxe5 Rxe5 37. Rxe5 Rc3 38. Re3 Rc8 39. d6 Rd8 40. Re7+ Kg6 41. d7 h6 1/2-1/2

[Event "Leipzig VfB op 16th"]
[Site "Leipzig"]
[Date "2009.04.03"]
[Round "6"]
[White "Eidam, Horst"]
[Black "Schlegel, Harald"]
[Result "1/2-1/2"]
[WhiteElo "2025"]
[BlackElo "1823"]
[PlyCount "74"]
[EventDate "2009.03.31"]
[EventType "swiss"]
[EventRounds "9"]
[EventCountry "GER"]
[SourceTitle "EXT 2010"]
[Source "ChessBase"]
[SourceDate "2010.11.25"]
[SourceVersion "1"]
[SourceVersionDate "2010.11.25"]
[SourceQuality "1"]

1. e4 c6 2. d4 d5 3. e5 Bf5 4. g4 Bg6 5. h4 h5 6. Be2 Be4 7. f3 Bg6 8. f4 hxg4 9. Bxg4 e6 10. h5 Be4 11. Bf3 Bf5 12. Bg4 Nh6 13. Bxf5 Nxf5 14. c3 Be7 15. Nf3 Ng3 16. Rh3 Nf5 17. Ng5 Nh6 18. Qe2 Nd7 19. Be3 Qb6 20. Qc2 Nf5 21. Bf2 c5 22. dxc5 Bxc5 23. Bxc5 Qxc5 24. Qf2 Qe7 25. Nd2 b6 26. 0-0-0 0-0-0 27. Nb3 Nxe5 28. Nxe6 fxe6 29. fxe5 Qg5+ 30. Qd2 Rxh5 31. Rdh1 Qxd2+ 32. Kxd2 Rxh3 33. Rxh3 d4 34. Nxd4 Nxd4 35. cxd4 Rxd4+ 36. Kc3 Rd7 37. Rh8+ Kc7 1/2-1/2

[Event "Leipzig VfB op 16th"]
[Site "Leipzig"]
[Date "2009.04.01"]
[Round "3"]
[White "Schlegel, Harald"]
[Black "Beyer, Till"]
[Result "0-1"]
[WhiteElo "1823"]
[BlackElo "2034"]
[PlyCount "106"]
[EventDate "2009.03.31"]
[EventType "swiss"]
[EventRounds "9"]
[EventCountry "GER"]
[SourceTitle "EXT 2010"]
[Source "ChessBase"]
[SourceDate "2010.11.25"]
[SourceVersion "1"]
[SourceVersionDate "2010.11.25"]
[SourceQuality "1"]

1. e4 e5 2. Nf3 d6 3. d4 exd4 4. Qxd4 Nc6 5. Bb5 Bd7 6. Bxc6 Bxc6 7. Nc3 Nf6 8. 0-0 Be7 9. Bg5 0-0 10. Rfe1 h6 11. Bh4 g5 12. Bg3 Nh5 13. Nd5 Bxd5 14. Qxd5 Nxg3 15. hxg3 c6 16. Qb3 Qb6 17. Qxb6 axb6 18. a4 Rfe8 19. c3 Bf6 20. Kf1 Ra5 21. Nd2 b5 22. axb5 Rxb5 23. Nc4 Rd8 24. Re2 d5 25. exd5 cxd5 26. Ne3 d4 27. cxd4 Rxd4 28. Nc2 Rd8 29. Rb1 Rxb2 30. Rxb2 Bxb2 31. Ne3 Bg7 32. Re1 b5 33. Rb1 Rb8 34. g4 b4 35. Nf5 Bf8 36. Ke2 f6 37. Kd3 Kf7 38. Nd4 Rc8 39. Rb3 Kg6 40. Nc2 Rd8+ 41. Ke2 Rd7 42. f3 Rd8 43. Ke1 h5 44. Ke2 hxg4 45. fxg4 Bc5 46. Ke1 Re8+ 47. Kf1 Re4 48. Rg3 Rc4 49. Ne1 Rf4+ 50. Ke2 Bf2 51. Rf3 Bxe1 52. Rxf4 gxf4 53. Kxe1 Kg5 0-1

[Event "Leipzig VfB op 16th"]
[Site "Leipzig"]
[Date "2009.03.31"]
[Round "1"]
[White "Schlegel, Harald"]
[Black "Zebisch, Paul"]
[Result "0-1"]
[WhiteElo "1823"]
[BlackElo "2181"]
[PlyCount "42"]
[EventDate "2009.03.31"]
[EventType "swiss"]
[EventRounds "9"]
[EventCountry "GER"]
[SourceTitle "EXT 2010"]
[Source "ChessBase"]
[SourceDate "2010.11.25"]
[SourceVersion "1"]
[SourceVersionDate "2010.11.25"]
[SourceQuality "1"]

1. e4 e5 2. Nf3 Nc6 3. Bb5 a6 4. Ba4 Nf6 5. 0-0 b5 6. Bb3 Bc5 7. d4 Bxd4 8. Nxd4 Nxd4 9. Bg5 Nxb3 10. axb3 Qe7 11. Nc3 Bb7 12. Nd5 Bxd5 13. exd5 h6 14. Bh4 g5 15. Bg3 d6 16. f4 Ne4 17. fxe5 Nxg3 18. exd6 Qe3+ 19. Rf2 Ne4 20. Qe2 Qxf2+ 21. Qxf2 Nxf2 0-1

[Event "Leipzig VfB op 15th"]
[Site "Leipzig"]
[Date "2008.02.26"]
[Round "1"]
[White "Schlegel, Harald"]
[Black "Zuther, Torsten"]
[Result "0-1"]
[WhiteElo "1818"]
[BlackElo "2118"]
[PlyCount "76"]
[EventDate "2008.02.26"]
[EventType "swiss"]
[EventRounds "9"]
[EventCountry "GER"]
[SourceTitle "CBM 123 Extra"]
[Source "ChessBase"]
[SourceDate "2008.05.06"]
[SourceVersion "1"]
[SourceVersionDate "2008.05.06"]
[SourceQuality "1"]

1. e4 e6 2. d4 d5 3. Nd2 Nf6 4. e5 Nfd7 5. Ngf3 c5 6. c3 Nc6 7. Bd3 Qb6 8. Qa4 f6 9. exf6 Nxf6 10. 0-0 cxd4 11. cxd4 Bd7 12. Bb5 Bd6 13. Bxc6 Bxc6 14. Qb3 Qxb3 15. Nxb3 0-0 16. Re1 Ne4 17. Be3 b6 18. Rac1 Rac8 19. Nbd2 Nf6 20. h3 h6 21. g4 Nd7 22. Bxh6 gxh6 23. Rxe6 Rf6 24. Rxf6 Nxf6 25. Ne5 Bd7 26. Rxc8+ Bxc8 27. f4 Nd7 28. Nf1 Nxe5 29. fxe5 Be7 30. Ne3 Be6 31. Nf5 Bg5 32. h4 Bxf5 33. hxg5 Bxg4 34. gxh6 Kh7 35. Kf1 Kxh6 36. Ke1 Kg5 37. Kd2 Kf4 38. Kc3 Ke3 0-1

[Event "Leipzig VfB op 14th"]
[Site "Leipzig"]
[Date "2007.03.23"]
[Round "6"]
[White "Schlegel, Harald"]
[Black "Kielstein, Hans"]
[Result "0-1"]
[WhiteElo "1826"]
[BlackElo "1944"]
[PlyCount "71"]
[EventDate "2007.03.20"]
[EventType "swiss"]
[EventRounds "9"]
[EventCountry "GER"]
[SourceTitle "EXT 2008"]
[Source "ChessBase"]
[SourceDate "2007.11.25"]
[SourceVersion "1"]
[SourceVersionDate "2007.11.25"]
[SourceQuality "1"]

1. e4 e5 2. Nf3 Nc6 3. Bb5 a6 4. Ba4 Nf6 5. 0-0 Be7 6. Re1 b5 7. Bb3 0-0 8. a4 Bb7 9. d3 d6 10. Nbd2 Qd7 11. Nf1 Na5 12. c3 Nxb3 13. Qxb3 Bc6 14. a5 Nh5 15. Ng3 Nxg3 16. hxg3 Qg4 17. Nh2 Qg6 18. g4 Bd7 19. Qd1 c5 20. c4 Rab8 21. Bd2 bxc4 22. dxc4 Rxb2 23. Bc3 Rb7 24. f3 Rfb8 25. Nf1 h5 26. gxh5 Qxh5 27. Qc2 Qg6 28. Ne3 Be6 29. Rab1 Bh4 30. Rxb7 Rxb7 31. Rb1 Rxb1+ 32. Qxb1 Bg3 33. Qb8+ Kh7 34. Qxd6 Qh6 35. Qd2 Bf4 36. Qd6 0-1

[Event "Leipzig VfB op 14th"]
[Site "Leipzig"]
[Date "2007.03.22"]
[Round "5"]
[White "Zulauff, Harri"]
[Black "Schlegel, Harald"]
[Result "0-1"]
[WhiteElo "1329"]
[BlackElo "1826"]
[PlyCount "60"]
[EventDate "2007.03.20"]
[EventType "swiss"]
[EventRounds "9"]
[EventCountry "GER"]
[SourceTitle "EXT 2008"]
[Source "ChessBase"]
[SourceDate "2007.11.25"]
[SourceVersion "1"]
[SourceVersionDate "2007.11.25"]
[SourceQuality "1"]

1. e4 Nf6 2. Nc3 d5 3. e5 Nfd7 4. d4 c5 5. Be3 cxd4 6. Bxd4 e6 7. a3 Nc6 8. b4 Ndxe5 9. Bb5 Bd7 10. Be2 Nxd4 11. Qxd4 Nc6 12. Qd2 a6 13. Nf3 Be7 14. 0-0 Bf6 15. Rad1 0-0 16. Rfe1 Rc8 17. Nb1 b5 18. c3 h6 19. Bd3 e5 20. Bf1 Be6 21. h3 Qb6 22. g4 g5 23. Bg2 e4 24. Nh2 Rfd8 25. Qe3 Qxe3 26. fxe3 Ne5 27. Bf1 Nc4 28. Bxc4 Rxc4 29. Rc1 Rdc8 30. Nf1 Bxc3 0-1

[Event "Leipzig VfB op 14th"]
[Site "Leipzig"]
[Date "2007.03.20"]
[Round "1"]
[White "Lipok, Christoph"]
[Black "Schlegel, Harald"]
[Result "1-0"]
[WhiteElo "2197"]
[BlackElo "1826"]
[PlyCount "71"]
[EventDate "2007.03.20"]
[EventType "swiss"]
[EventRounds "9"]
[EventCountry "GER"]
[SourceTitle "EXT 2008"]
[Source "ChessBase"]
[SourceDate "2007.11.25"]
[SourceVersion "1"]
[SourceVersionDate "2007.11.25"]
[SourceQuality "1"]

1. d4 d5 2. c4 c6 3. Nf3 Nf6 4. Nc3 dxc4 5. a4 Bf5 6. Nh4 e6 7. Nxf5 exf5 8. e3 Bb4 9. Bxc4 0-0 10. 0-0 a5 11. Qf3 g6 12. Rd1 Nbd7 13. g3 Nb6 14. Bf1 Re8 15. Qe2 Qe7 16. Bg2 Rad8 17. Na2 Nbd5 18. Nxb4 Nxb4 19. b3 Qc7 20. Bb2 Nbd5 21. Qc2 Re6 22. Ba3 Rc8 23. Rdc1 Ne4 24. Qd3 Qd7 25. f3 Nxg3 26. hxg3 Rxe3 27. Qc4 Rce8 28. Ra2 Re1+ 29. Rxe1 Rxe1+ 30. Kh2 Ne3 31. Qc5 Qd8 32. Qd6 Qxd6 33. Bxd6 Nxg2 34. Kxg2 Re3 35. Rb2 h5 36. Bc7 1-0